000 00555nam a2200169Ia 4500
008 090201s9999 xx 000 0 und d
010 _aKPL-13815
040 _bमराठी
041 _aमराठी
082 _a5629
_b13815
100 _aभीमराव कुलकर्णी
245 _aसमशेर बहाद्दर
_cभीमराव कुलकर्णी
260 _c1973
_bराजस प्रकाशन
300 _a107
_bमोठा
600 _aसमशेर बहाद्दर
942 _cBOOK
999 _c206508
_d206508